| 000 | 00385nam a22001217a 4500 | ||
|---|---|---|---|
| 082 | _a220 PRO | ||
| 100 |
_aNC TAHIRA ANWAR _970670 |
||
| 245 | _aPR-SOF-1849-Mr. Patrol An outdoor emergency detection desktop app | ||
| 260 |
_aISLAMABAD _bNUST COLLEGE OF EME _c2019 |
||
| 650 |
_a DE-COMP-37 _970671 |
||
| 700 |
_aSUPERVISORS Dr. Shoab Ahmad Khan Dr. M. Usman Akram _970672 |
||
| 942 | _cCR | ||
| 999 |
_c577591 _d577591 |
||